[Event "BLR-ch U20 Boys 2021"]
[Site "Minsk"]
[Date "2021.04.20"]
[Round "3.2"]
[White "Lazavik, Denis"]
[Black "Galkin, Gleb"]
[Result "1-0"]
[WhiteElo "2438"]
[BlackElo "2225"]
[Annotator "TA"]
[PlyCount "60"]
[EventDate "2021.04.20"]
[EventType "tourn"]
[EventCountry "BLR"]
[SourceTitle "playchess.com"]
[Source "ChessBase"]
[SourceQuality "1"]

{[%evp 19,60,0,0,0,16,0,24,17,36,42,57,50,52,11,44,43,62,62,60,58,60,54,56,56,83,75,141,151,232,230,793,793,795,788,788,788,773,766,754,737,1035,1021,1110]} 1. d4 Nf6 2. c4 g6 3. g3 Bg7 4. Bg2 d5 5. cxd5 Nxd5 6. Nf3 O-O 7. O-O Nb6 8. Nc3 Nc6 9. e3 Re8 10. h3 e5 11. d5 {D76: Fianchetto Grünfeld: Main Line with 7...Nb6.} Na5 12. Qc2 $1 {[%mdl 4] is now more promising than 12.e4.} Bd7 13. Rd1 {[#] White has an edge.} Nac4 $146 ({Predecessor:} 13... Qc8 14. Kh2 c6 15. d6 Qb8 16. Ne4 Bf5 17. b3 c5 18. Ba3 Bxe4 19. Qxe4 f5 {1-0 (26) Badelka,O (2428)-Nikologorsky,M (2215) Moscow 2021}) 14. e4 Qc8 15. Kh2 c6 16. b3 {aiming for dxc6.} Nd6 {...cxd5 is the strong threat.} 17. Qd3 cxd5 18. Nxd5 Nxd5 19. Qxd5 Re6 20. Ng5 $1 $36 {[%cal Rg5e6][%mdl 2048] White has some pressure.} Rf6 21. Ba3 Bc6 22. Qd2 ({Of course not} 22. Qxe5 h6 $1 $15) 22... Bf8 {[#]} ({Black should play} 22... Ne8) 23. Bb2 $1 $16 {[%cal Rb2e5]} Bh6 (23... Qe8 $16) 24. Bxe5 $18 {[%mdl 64] Double Attack} Nxe4 (24... Bxg5 25. Qxg5 Rxf2 26. Rxd6 Qe8) 25. Nxe4 {White is clearly winning.} Bxd2 26. Nxf6+ Kg7 27. Rxd2 Bxg2 28. Kxg2 Qc6+ 29. Kh2 h6 30. Rad1 Qb5 {Weighted Error Value: White=0.04/Black=0.27} 1-0

[Event "BLR-ch U20 Boys 2021"]
[Site "Minsk"]
[Date "2021.04.20"]
[Round "3.3"]
[White "Siniauski, Artsiom"]
[Black "Silich, Yahor"]
[Result "1/2-1/2"]
[WhiteElo "2277"]
[BlackElo "2325"]
[Annotator "TA"]
[PlyCount "97"]
[EventDate "2021.04.20"]
[EventType "tourn"]
[EventCountry "BLR"]
[SourceTitle "playchess.com"]
[Source "ChessBase"]
[SourceQuality "1"]

{[%evp 12,97,29,16,18,9,15,19,21,14,20,25,25,20,29,26,22,-13,-2,-27,-20,-38,-20,-38,-16,-36,-27,-20,0,0,0,-54,0,0,19,17,26,25,77,93,95,95,89,95,93,84,104,107,109,100,106,91,91,77,77,75,86,40,103,63,72,60,52,28,34,11,12,12,13,0,9,4,5,0,10,0,0,0,0,0,0,0,0,0,0,0,0,0]} 1. e4 c5 2. Nf3 Nc6 3. Bb5 g6 4. Bxc6 dxc6 5. d3 Bg7 6. h3 Nf6 7. Nc3 Nd7 $1 {[%mdl 4] is currently scoring better than 7...0-0. B31: Sicilian: 2...Nc6 3 Bb5 g6.} 8. Be3 b6 9. Qd2 h6 10. O-O e5 11. Nh2 Nf8 12. f4 exf4 13. Bxf4 g5 14. Be3 Ng6 {[#]} 15. Rab1 $146 ({Predecessor:} 15. a3 O-O 16. b4 cxb4 17. axb4 f5 18. exf5 Bxf5 19. Rae1 Qd6 20. Ne2 Rae8 21. Bf2 {0-1 (56) Vestby Ellingsen,M (2429)-Chatalbashev,B (2543) Helsingor 2018}) 15... O-O 16. g4 Be6 17. a4 Qc7 {Strongly threatening ...Qg3+.} 18. Qf2 Be5 19. Ne2 Rad8 20. Nf3 Bd6 21. Kg2 (21. a5 $11) 21... Rd7 (21... f6 $15) 22. Ng3 $11 Bxg3 23. Qxg3 Qxg3+ 24. Kxg3 f6 (24... c4 $1 $11 {remains equal.}) 25. a5 Ne5 26. Nxe5 fxe5 27. Rxf8+ Kxf8 $16 {[%mdl 4096] Endgame KRB-KRB} 28. b3 Kg7 29. Bd2 Bf7 30. Bc3 Re7 31. axb6 axb6 32. Ra1 b5 33. Ra6 Be8 34. h4 Kf6 ({Black should play} 34... gxh4+ $14 35. Kxh4 Kf6) 35. hxg5+ hxg5 36. Ra8 c4 37. bxc4 bxc4 38. d4 Bg6 {The position is equal.} 39. dxe5+ Ke6 40. Bb4 Rb7 41. c3 Bxe4 42. Bc5 Rf7 {With the idea ...Rf3+.} 43. Bd4 Rf3+ 44. Kh2 Rf4 45. Rd8 Bd5 46. Rd6+ Kf7 47. Kg3 Rf3+ 48. Kh2 Rf4 49. Rf6+ {Weighted Error Value: White=0.10/Black=0.08} 1/2-1/2

[Event "BLR-ch U20 Boys 2021"]
[Site "Minsk"]
[Date "2021.04.20"]
[Round "3.4"]
[White "Tsaruk, Maksim"]
[Black "Runets, Ivan"]
[Result "1/2-1/2"]
[WhiteElo "2306"]
[BlackElo "2257"]
[Annotator "TA"]
[PlyCount "54"]
[EventDate "2021.04.20"]
[EventType "tourn"]
[EventCountry "BLR"]
[SourceTitle "playchess.com"]
[Source "ChessBase"]
[SourceQuality "1"]

{[%evp 17,54,25,30,0,0,0,19,10,6,18,5,10,18,0,18,0,0,0,0,0,0,0,0,0,0,0,0,0,0,0,414,0,0,0,0,0,0,0,0]} 1. e4 c5 2. Nf3 d6 3. d4 cxd4 4. Nxd4 Nf6 5. Nc3 a6 6. g3 e5 7. Nb3 Be7 8. Bg2 O-O 9. O-O b5 {[%cal Bb7b5,Bb5b4][%mdl 32]} 10. a4 {B91: Sicilian Najdorf: 6 g3.} b4 11. Nd5 Nxd5 12. Qxd5 Ra7 13. Be3 Be6 14. Qd3 Rb7 15. Rfc1 a5 16. f4 {[#]} Nd7 $146 {[%cal Bb8d7,Bd7f6,Bf6g4,Bg4f2][%mdl 32]} ({Predecessor:} 16... Qc7 17. c4 Na6 18. f5 Bc8 19. Rf1 Rd8 20. Qe2 Rb8 21. h4 Nc5 22. Nxc5 dxc5 23. b3 Rb6 24. Rad1 Rxd1 25. Rxd1 Bb7 26. Rd3 Rd6 {½-½ (26) Van den Doel,E (2565)-Feller,S (2619) Goch 2015}) 17. f5 Bxb3 18. cxb3 Bg5 19. Bxg5 Qxg5 20. Qxd6 Qe3+ {[%mdl 64] [#] Double Attack} 21. Kh1 Nf6 22. Qxe5 {Hoping for Qf4.} Ng4 $1 {[%cal Rg4f2] ( -> ...Nf2+)} 23. Qc5 $1 {[%cal Rc5e3]} (23. Qxa5 {leads to mate.} Nf2+ 24. Kg1 Nd1+ 25. Kh1 Qe1+ 26. Bf1 Qxf1#) 23... Nf2+ 24. Kg1 Nh3+ $1 {[%mdl 64] [#] Discovered Attack (Double check). The position is equal.} 25. Kh1 $1 Nf2+ 26. Kg1 Nh3+ $1 {[%mdl 64] Discovered Attack (Double check)} 27. Kh1 $1 Nf2+ {Weighted Error Value: White=0.05/Black=0.02} 1/2-1/2

[Event "BLR-ch U20 Boys 2021"]
[Site "Minsk"]
[Date "2021.04.20"]
[Round "4.1"]
[White "Zarubitski, Viachaslau"]
[Black "Runets, Ivan"]
[Result "1-0"]
[WhiteElo "2456"]
[BlackElo "2257"]
[Annotator "TA"]
[PlyCount "143"]
[EventDate "2021.04.20"]
[EventType "tourn"]
[EventCountry "BLR"]
[SourceTitle "playchess.com"]
[Source "ChessBase"]
[SourceQuality "1"]

{[%evp 11,143,20,72,-5,33,37,47,33,97,69,86,67,90,83,135,102,110,111,136,135,133,139,139,127,144,91,91,91,91,62,101,86,77,79,80,84,95,91,98,67,78,71,73,75,65,68,83,91,115,115,160,154,167,167,167,167,167,167,167,167,175,167,173,170,218,185,222,200,233,0,222,0,233,189,233,200,239,191,239,190,239,204,214,0,235,238,235,190,231,223,227,227,227,222,232,229,226,226,212,219,250,156,169,163,182,156,214,197,245,243,243,240,267,263,333,321,348,348,348,348,348,350,282,277,29978,29979,29979,29980,29981,29982,29982,29983,29981,8]} 1. e4 c5 2. Nf3 Nc6 3. d4 cxd4 4. Nxd4 Nf6 5. Nc3 d6 6. Bg5 e5 (6... e6 $11 {keeps the balance.}) 7. Nb3 {B60: Sicilian: Richter-Rauzer: Unusual Black 6th moves and 6...Bd7 without 7 Qd2.} (7. Bxf6 $16 gxf6 8. Nb3) 7... Be6 8. Qd2 Be7 9. O-O-O {White is slightly better.} a6 (9... O-O $14) 10. Kb1 Rc8 11. f3 Na5 12. Bxf6 gxf6 (12... Bxf6 $142 13. Qxd6 Qxd6 14. Rxd6 Nxb3) 13. Nd5 Nxb3 {[#]} 14. axb3 $146 ({Predecessor:} 14. cxb3 h5 15. Be2 f5 16. Nxe7 Kxe7 17. Qg5+ Kf8 18. Qd2 Ke7 19. Qg5+ Kf8 20. Qd2 Ke7 {½-½ (20) Fuentes,R (1805)-Johnsson,T (2170) Sundsvall 1999}) 14... Bf8 15. Be2 Bxd5 16. Qxd5 Qc7 17. c3 Qc6 18. Qxc6+ (18. Qd2 $142) 18... Rxc6 $16 19. b4 Ke7 20. Rd5 Bh6 21. b5 axb5 22. Rxb5 Rb8 23. Kc2 Be3 24. Kd3 Bc5 25. Ra1 Rb6 26. Kc4 Rc6 27. Kb3 Rc7 28. Bc4 Rg8 29. g3 Rb8 30. Bd5 Kd8 31. Kc2 {aiming for Kd2.} Be3 32. Kd3 Bh6 33. Rb6 Rd7 34. Ra7 Kc8 35. Ke2 $36 {[%mdl 2048] Black is under strong pressure.} Bf8 36. Rb3 Rc7 37. f4 h5 38. Kf3 Bh6 39. Rb6 Rd7 40. Rb3 Rc7 $1 41. Rb6 Rd7 $1 42. Ra4 Bg7 43. Rc4+ Kd8 44. Rcb4 Kc8 45. h4 Bh6 46. R4b5 Bf8 47. Rb4 Bh6 $1 48. R6b5 Bg7 49. Rb3 Rc7 50. Rb6 Rd7 51. c4 f5 52. exf5 exf4 53. Kxf4 Bh6+ 54. Kf3 Bg7 55. R6b5 Re7 56. c5 dxc5 57. Rxc5+ Kd8 58. Rcb5 Kc8 (58... Ke8 $16 {might work better.} 59. Rb6 (59. Bxb7 Kf8 $16) 59... Re1) 59. Be4 Be5 60. f6 Bxf6 61. Rxh5 Be5 62. Rb5 Bd6 63. Rh8+ Kc7 64. Rxb8 Kxb8 $18 {[%mdl 4096] Endgame KRB-KRB} 65. h5 Re5 66. Rxb7+ Kc8 67. g4 ({Resist} 67. Rxf7 $6 Rxh5 68. Bd3 Bc5 $16) 67... Rxe4 $2 {[#]} (67... f5 $18 68. gxf5 Rxf5+ 69. Bxf5+ Kxb7) 68. Kxe4 {White mates.} Kxb7 69. Kf5 Kc7 70. h6 Bf8 71. g5 Kd7 {[#]} 72. Ke4 $2 {[%mdl 32768] Weighted Error Value: White=0.29/Black=0.16. Sensor Board Error (Ke4/e5)?} (72. Kf6 $1 {mates} Bc5 73. Kxf7 Kd6 74. g6 Bd4 75. g7 Bxb2 76. g8=Q Kc5 77. h7) 1-0

[Event "BLR-ch U20 Boys 2021"]
[Site "Minsk"]
[Date "2021.04.20"]
[Round "4.2"]
[White "Silich, Yahor"]
[Black "Tsaruk, Maksim"]
[Result "1/2-1/2"]
[WhiteElo "2325"]
[BlackElo "2306"]
[Annotator "TA"]
[PlyCount "31"]
[EventDate "2021.04.20"]
[EventType "tourn"]
[EventCountry "BLR"]
[SourceTitle "playchess.com"]
[Source "ChessBase"]
[SourceQuality "1"]

{[%evp 9,31,18,14,18,26,19,20,13,23,20,22,12,11,14,16,22,16,19,25,0,0,0,20,0]} 1. e4 e5 2. Nf3 Nc6 3. Bc4 Bc5 4. O-O Nf6 5. d3 a6 6. a4 {C50: Hungarian Defence and Giuoco Pianissimo.} h6 7. Re1 d6 8. c3 Ba7 9. Nbd2 O-O 10. h3 Nh5 11. Nf1 Qf6 12. b4 {[#]} Qg6 $146 ({Predecessor:} 12... Be6 13. Bxe6 fxe6 14. Ra2 Nf4 15. Kh2 Rf7 16. b5 Ne7 17. Be3 Qg6 18. Ng3 Qf6 19. Ng1 Bb6 20. Bxb6 cxb6 21. bxa6 bxa6 22. Nf1 Nc6 {½-½ (34) Fajs,B (2548)-Lebedev,V (2484) ICCF email 2016}) 13. Nh4 $1 {[%cal Rh4g6]} Qf6 {[%mdl 64] [#] Double Attack} 14. Nf3 Qg6 15. Nh4 Qf6 {[%mdl 64] Double Attack} 16. Nf3 {A rather calm draw.  Weighted Error Value: White=0.03/Black=0.02} 1/2-1/2

[Event "BLR-ch U20 Boys 2021"]
[Site "Minsk"]
[Date "2021.04.20"]
[Round "4.3"]
[White "Galkin, Gleb"]
[Black "Siniauski, Artsiom"]
[Result "0-1"]
[WhiteElo "2225"]
[BlackElo "2277"]
[Annotator "TA"]
[PlyCount "55"]
[EventDate "2021.04.20"]
[EventType "tourn"]
[EventCountry "BLR"]
[SourceTitle "playchess.com"]
[Source "ChessBase"]
[SourceQuality "1"]

{[%evp 12,55,14,17,28,1,20,26,44,36,48,42,50,48,56,60,45,-1,48,43,36,41,48,39,33,41,56,51,71,75,126,67,71,-63,-78,-352,-350,-345,-326,-472,-472,-472,-464,-459,-441,-453]} 1. Nf3 d5 2. d4 Nf6 3. c4 c6 4. Nc3 e6 5. e3 Be7 6. Qc2 O-O 7. b3 b6 {D45: Semi-Slav: 5 e3.} 8. Bd3 Bb7 9. O-O c5 {White has an edge.} 10. cxd5 exd5 11. dxc5 bxc5 12. e4 d4 13. Na4 {[#]} Nfd7 $146 ({Predecessor:} 13... Na6 14. a3 h6 15. Bd2 Rc8 16. Nb2 Nc7 17. Ne5 Nd7 18. Nxd7 Qxd7 19. Nc4 Ne6 {1-0 (38) Nadirjanova,N (2118)-Franco Valencia,B (2172) Dresden 2008}) 14. Ba3 {[%cal Ra4c5]} Na6 (14... c4 $5 15. bxc4 (15. Bxe7 $2 cxd3 16. Bxd8 dxc2 $17) 15... Bxa3 $11) 15. Qe2 Nb4 16. Bxb4 cxb4 17. Ba6 Bxa6 18. Qxa6 Re8 19. Rad1 Bf6 20. Rfe1 Re6 (20... Qe7 $142) 21. Qb7 (21. Qe2 $16) 21... Ne5 $14 22. Nxd4 (22. Nxe5 $1 $16 Bxe5 23. Nc5) 22... Rd6 $15 {White must now prevent ...Ng6.} 23. Nb2 $2 {[%mdl 8192] [#] This move loses the game for White.} Rb8 $1 $19 {[%cal Rb8b7]} 24. Qxa7 {[#] Nf5 is the strong threat.} Rxd4 {[%mdl 576] Remove Defender} 25. Rxd4 {[#]} (25. Qc5 $142 Ng4 26. Qc2) 25... Nf3+ $1 {[%mdl 512] Black is clearly winning.} 26. gxf3 Bxd4 27. Qa6 Bxb2 28. f4 {Weighted Error Value: White=0.47/Black=0.09} 0-1

[Event "BLR-ch U20 Boys 2021"]
[Site "Minsk"]
[Date "2021.04.20"]
[Round "4.4"]
[White "Bialiauski, Artsiom"]
[Black "Lazavik, Denis"]
[Result "0-1"]
[WhiteElo "2077"]
[BlackElo "2438"]
[Annotator "TA"]
[PlyCount "134"]
[EventDate "2021.04.20"]
[EventType "tourn"]
[EventCountry "BLR"]
[SourceTitle "playchess.com"]
[Source "ChessBase"]
[SourceQuality "1"]

{[%evp 18,134,3,0,9,-14,3,0,2,2,2,2,2,4,2,2,0,12,9,6,8,4,6,5,8,0,17,0,0,0,0,0,0,0,0,0,0,-6,-6,-24,-16,-6,0,0,0,0,0,-56,-41,-136,-133,-153,-141,-95,-123,-104,-106,-139,-8,-8,-8,-8,-8,-156,-182,-262,-203,-162,-162,-162,-163,-178,-184,-373,-77,-381,-381,-381,-377,-650,-585,-12847,-12848,-29952,-29938,-29952,-29957,-29958,-29958,-29957,-29958,-29955,-29945,-29946,-29942,-29936,-29937,-6275,-5632,-29955,-29955,-29971,-29972,-29972,-29973,-29973,-29974,-29976,-29977,-29977,-29978,-29978,-29978,-29979,-29980,-29980,-29981,-29982,-29983]} 1. Nf3 d5 2. g3 c6 3. Bg2 Bg4 4. c4 e6 5. O-O Nd7 6. cxd5 exd5 7. d3 Ngf6 8. h3 Bxf3 9. Bxf3 Bc5 10. Nc3 O-O {A11: English Opening: 1...c6.} 11. e4 (11. Qb3 {looks sharper.} Bd6 12. e3 Re8 13. Qc2 Nc5 14. Bg2) 11... Ne5 {[#]} 12. exd5 $146 ({Predecessor:} 12. Be2 dxe4 13. dxe4 Bd4 14. Qc2 Qe7 15. Kg2 Ned7 16. f3 Nc5 17. Bd2 Rad8 18. Rae1 {½-½ (34) Shengelia,D (2557)-Nayhebaver,M (2442) Austria 2017}) 12... Nxf3+ {The position is equal.} 13. Qxf3 Nxd5 14. Nxd5 Qxd5 15. Qxd5 cxd5 16. Be3 Bxe3 17. fxe3 $11 {[%mdl 4096] Endgame KRR-KRR} Rac8 18. Rac1 f6 19. Kf2 Kf7 20. Ke2 Ke6 21. Kd2 f5 22. Ke2 g6 23. Kd2 Ke5 24. Rfe1 g5 25. Rf1 b6 26. Rfe1 h5 27. d4+ Ke4 28. Rxc8 Rxc8 {KR-KR} 29. h4 $1 Kf3 30. hxg5 Rc6 31. Rh1 Kg4 32. Rh4+ (32. Ke2 $11) 32... Kxg5 $15 33. Rf4 (33. a3 $15) 33... b5 $1 $17 34. a3 a5 $1 35. Rh4 a4 36. Rh1 Rc4 37. Ke2 Rc2+ (37... Kg4 $1 $17 {...Rc2+ is the strong threat.} 38. Rh4+ Kg5) 38. Kf3 $1 $11 Rxb2 {Strongly threatening ...Rb3.} 39. Rc1 Kf6 {Threatens to win with ...Ra2.} (39... Rb3 $5 40. Rc5 $8 Rxa3 41. Rxb5 Kf6 $11) 40. Rc6+ (40. Rc5 $1 $11) 40... Ke7 $1 $17 41. Rc7+ (41. Rc5 $142) 41... Ke6 42. Rc6+ {[#]} Kd7 $1 {[%cal Rd7c6]} 43. Rc1 Kd6 44. Rc5 Rb1 45. Kf4 $2 (45. Ke2) 45... Rf1+ $19 46. Kg5 {Now White is beyond hope.} Rf3 $1 {[%csl LRe3,LRg3][%mdl 64] Double Attack} 47. Rxb5 Rxe3 48. Kxh5 $2 (48. Kf4 Rxa3 49. Ra5) 48... Rxa3 49. Ra5 Rxg3 50. Rxa4 Kc6 51. Ra5 Rg4 52. Rc5+ Kd6 53. Rc8 Rxd4 54. Kg5 f4 55. Kg4 Rc4 56. Rd8+ Kc5 57. Kf3 Ra4 58. Rd7 Kc4 {Black mates.} 59. Kxf4 Kd3+ 60. Kf3 {[#]} d4 $1 61. Rb7 Ra8 62. Rb3+ Kc2 63. Rb7 d3 64. Rc7+ Kd1 65. Rh7 d2 66. Rc7 Rf8+ 67. Kg2 Rf5 {Weighted Error Value: White=0.58/Black=0.12} 0-1

[Event "BLR-ch U20 Boys 2021"]
[Site "Minsk"]
[Date "2021.04.20"]
[Round "5.1"]
[White "Lazavik, Denis"]
[Black "Zarubitski, Viachaslau"]
[Result "1-0"]
[WhiteElo "2438"]
[BlackElo "2456"]
[Annotator "TA"]
[PlyCount "79"]
[EventDate "2021.04.20"]
[EventType "tourn"]
[EventCountry "BLR"]
[SourceTitle "playchess.com"]
[Source "ChessBase"]
[SourceQuality "1"]

{[%evp 18,79,15,6,12,0,0,0,4,0,0,0,0,-7,0,-30,0,0,17,25,23,31,10,20,22,45,45,32,35,33,37,37,50,67,56,55,60,48,52,34,104,102,128,151,244,184,199,184,184,180,239,199,1037,1034,787,1034,1021,1000,987,961,1073,935,29984,29973]} 1. d4 {Bulmaga/Rogozenco,D} d5 2. c4 c6 3. Nf3 Nf6 4. e3 e6 5. b3 Nbd7 6. Bb2 Bd6 7. Bd3 O-O 8. O-O b6 9. Nc3 Bb7 10. Qc2 Re8 {D45: Semi-Slav: 5 e3.} 11. e4 dxc4 12. Bxc4 b5 {[#] The position is equal.} 13. Be2 $146 {e5 is the strong threat.} ({Predecessor:} 13. Bd3 e5 14. dxe5 Nxe5 15. Nxe5 Bxe5 16. f3 a6 17. Rad1 Qc7 18. g3 c5 19. Ne2 {½-½ (44) Wagner,D (2575)-Deac,B (2455) Medias 2015 CBM 169 [Bulmaga/Rogozenco,D]}) 13... e5 $1 14. dxe5 Nxe5 15. Rad1 Qc7 16. g3 a6 17. Nh4 g6 18. Ng2 Rad8 19. f4 Neg4 {Hoping for ...Qb6+.} 20. Bf3 Bc5+ 21. Kh1 {And now Rxd8 would win.} Qb6 22. e5 {Threatens to win with Rxd8.} Nf2+ {[#]} 23. Rxf2 $1 Bxf2 24. exf6 Rxd1+ 25. Nxd1 Bd4 26. Bxd4 Qxd4 27. h4 Qxf6 28. Nf2 h5 (28... Qd4 $14) 29. Kh2 $16 Bc8 {[#]} 30. Ne4 $1 {[%cal Re4f6]} ({Resist} 30. Bxc6 $6 Bf5 $14) ({Inferior is} 30. Qxc6 Qxc6 31. Bxc6 Re2 $17) 30... Qe6 (30... Qd4 $16) 31. Qc3 {Strongly threatening Nf6+.} Rd8 32. Ne3 b4 33. Qxb4 {aiming for Qc3.} Rd3 (33... f5 $142) 34. Qc5 $18 f5 $2 {[#]} (34... Bd7 35. Bg2 f5) 35. Ng5 $1 {[%csl LRc6,LRe6][%cal Rg5e6]} ({Worse is} 35. Nf6+ Kg7 $11) 35... Qxe3 36. Qxc6 {[%mdl 64] Double Attack} Kg7 37. Qxc8 {Threatening mate with Qc7+.} Qe7 38. Bg2 a5 39. Qc4 Qd7 40. Ne6+ {Weighted Error Value: White=0.07/Black=0.42} 1-0

[Event "BLR-ch U20 Boys 2021"]
[Site "Minsk"]
[Date "2021.04.20"]
[Round "5.2"]
[White "Siniauski, Artsiom"]
[Black "Bialiauski, Artsiom"]
[Result "1/2-1/2"]
[WhiteElo "2277"]
[BlackElo "2077"]
[Annotator "TA"]
[PlyCount "113"]
[EventDate "2021.04.20"]
[EventType "tourn"]
[EventCountry "BLR"]
[SourceTitle "playchess.com"]
[Source "ChessBase"]
[SourceQuality "1"]

{[%evp 36,113,31,36,32,37,52,55,68,27,34,13,30,0,0,0,17,-8,-4,-44,-20,-45,-56,-467,-467,-467,-462,-452,-447,-416,-197,-208,-204,-309,-309,-297,-298,-320,-313,-312,-312,-319,-327,-362,-362,-419,-425,-466,-464,-452,-351,-543,-543,-550,-550,-29970,-117,-118,-125,-127,-158,-30,-23,-23,-25,-26,0,0,0,-23,0,-335,0,0,0,-320,0,0,0,-310]} 1. e4 e5 2. Nf3 Nc6 3. Bb5 a6 4. Ba4 Nf6 5. O-O Be7 6. Re1 b5 7. Bb3 d6 8. c3 O-O 9. h3 Na5 10. Bc2 c5 11. d4 Qc7 12. Nbd2 cxd4 13. cxd4 Nc6 14. Nb3 a5 15. Be3 Nb4 16. Bb1 a4 17. Nbd2 Bd7 18. a3 Nc6 19. Bd3 Qb8 {C99: Closed Ruy Lopez: Chigorin Defence: 11 d4 Qc7 12 Nbd2 cxd4.} 20. Qe2 Rc8 21. Rac1 (21. Bxb5 Nxd4 22. Nxd4 exd4 $15) 21... b4 {White is slightly better.} 22. Nc4 (22. Rc4 $5 {[%cal Rd4d5]}) 22... exd4 23. Nxd4 {And now Nb6! would win.} Ne5 $1 {[#]} 24. Nf5 $146 ({Predecessor:} 24. Bb1 Bb5 25. Nxb5 Qxb5 26. Nxe5 Qxe2 27. Rxe2 dxe5 28. axb4 Rxc1+ 29. Bxc1 Bxb4 30. Rc2 Nxe4 31. Rc4 {½-½ (41) Mokry,K (2505)-Galdunts,S (2465) Yerevan 1996}) 24... Bxf5 25. exf5 {Nb6 is the strong threat.} Nxc4 26. Bxc4 d5 27. Ba6 Rxc1 28. Rxc1 bxa3 29. Rc8+ $2 {[%mdl 8192]} (29. bxa3 $15 Qb3 30. Qb5) 29... Qxc8 $19 30. Bxc8 a2 $1 {[%cal Ra2a1]} 31. Qd1 a3 $1 {[%cal Ra3b2]} (31... Rxc8 32. Qa1 $11 (32. Qxa4 d4 $17)) 32. Bd4 {[#] Strongly threatening Bb7.} Rxc8 (32... Bc5 $142 $1 {[%mdl 512] aiming for ...Bxd4.} 33. Be5 (33. Bxc5 $2 axb2 34. Bd4 b1=Q $19) 33... Bd6 $1 {[%mdl 576] Promotion}) 33. bxa3 {Hoping for Qd2.} Rb8 $1 {[%cal Rb8b1]} ({Not} 33... Bxa3 34. Qa4 $16) 34. Qe2 (34. Qc2 $142 Rb1+ 35. Kh2) 34... Rb1+ 35. Kh2 Bd6+ 36. g3 a1=Q 37. Bxa1 Rxa1 38. Qa6 Bf8 39. a4 Ra2 40. Kg1 Ne4 $1 41. Qa8 Nxf2 42. a5 Ne4 43. a6 (43. g4 {was called for.}) 43... g6 44. Kf1 Kg7 45. fxg6 hxg6 $2 (45... Rf2+ {mates} 46. Kg1 Bc5 47. Qxd5 Re2+ 48. Qxc5 {[%mdl 64] Remove Defender} Nxc5 49. a7 Ra2 50. Kf1 Kxg6 51. g4 Rxa7 52. Ke2 Ra2+ 53. Ke3 Ra3+ 54. Kd4 Ne6+ 55. Ke5 Rxh3 56. Kd5 Rd3+ 57. Kc4 Rg3 58. Kb4 Rxg4+ 59. Kc3 h5 60. Kd3 Rg3+ 61. Kd2 Nf4 62. Kc2 h4 63. Kd2 h3 64. Kc2 h2 65. Kd2 h1=Q 66. Kc2 Qh2+ 67. Kd1 Rg1#) 46. Qxd5 $17 Rf2+ ({Of course not} 46... Nxg3+ $6 47. Kg1 $11) 47. Kg1 {[#]} Bc5 $1 48. Qe5+ f6 49. Qc7+ Kh6 {White must now prevent ...Be3.} 50. Kh1 Rf1+ (50... Be3 {keeps more tension.} 51. a7 Ra2 52. Qb8 Rxa7 53. Qh8+ Rh7) 51. Kg2 $1 {[%cal Rg2f1]} Rf2+ 52. Kh1 f5 (52... Be3 {with more complications.} 53. a7 Ra2 54. Qb8 Rxa7 55. Qh8+ Rh7) 53. Qb8 $2 {[%mdl 8192] [#]} (53. Qe5 $1 $11 Rf1+ 54. Kh2 Rf2+ 55. Kh1) 53... Rf1+ $2 (53... Bd4 $1 $19 54. g4 Ra2 55. gxf5 gxf5 56. Qf8+ Bg7) 54. Kh2 $11 {Intending Qh8+ and mate.} Rf2+ $2 {[%mdl 8192]} (54... g5 $11 55. a7 Rf2+ 56. Kh1 {[#]} Bxa7 $1 57. Qxa7 Nxg3+ 58. Kg1 Ne4) 55. Kh1 $19 Rf1+ 56. Kh2 {Threatening mate with Qh8+.} Rf2+ 57. Kh1 {[%mdl 32768] Weighted Error Value: White=0.77/Black=0.49. An unexpected result.} 1/2-1/2

[Event "BLR-ch U20 Boys 2021"]
[Site "Minsk"]
[Date "2021.04.20"]
[Round "5.3"]
[White "Tsaruk, Maksim"]
[Black "Galkin, Gleb"]
[Result "1/2-1/2"]
[WhiteElo "2306"]
[BlackElo "2225"]
[Annotator "TA"]
[PlyCount "69"]
[EventDate "2021.04.20"]
[EventType "tourn"]
[EventCountry "BLR"]
[SourceTitle "playchess.com"]
[Source "ChessBase"]
[SourceQuality "1"]

{[%evp 19,69,31,31,31,28,31,39,34,47,32,42,16,34,16,16,16,25,-13,5,0,71,0,0,0,97,115,114,17,15,19,18,-9,-6,-25,-23,-43,-43,-34,-22,-60,-58,-56,-32,-20,19,0,19,19,19,19,22,22]} 1. e4 e5 2. Nf3 Nc6 3. Bb5 a6 4. Ba4 Nf6 5. O-O b5 6. Bb3 Bb7 7. Re1 Bc5 8. c3 d6 9. d4 Bb6 10. Be3 {10.a4 is a critical line.} O-O ({But not} 10... Nxe4 $6 11. d5 $16) 11. d5 {C78: Ruy Lopez: Archangelsk and Möller Defences.} Ne7 {[%cal Bc6e7,Be7g6,Bg6f4][%mdl 32]} 12. Bxb6 cxb6 13. Nbd2 {White is slightly better.} Ng6 14. Nf1 Bc8 15. Bc2 Nf4 16. Ne3 Ng4 {[#]} 17. h3 $146 ({Predecessor:} 17. Bd3 Qf6 18. Bf1 Qg6 19. g3 Nxe3 20. Rxe3 Nh3+ 21. Bxh3 Bxh3 22. Nh4 Qg5 23. Qd2 {½-½ (42) Jakubowski,K (2353)-Mista,A (2354) Trzebinia 2000}) 17... Nh6 18. Kh2 Kh8 19. Nd2 g5 (19... g6 $11 {remains equal.}) 20. Ng4 (20. f3 $16) 20... Nxg4+ $11 21. hxg4 Qd7 (21... h5 $1 $11 {keeps the balance.}) 22. g3 $16 Ng6 {[#]} 23. a4 ({Better is} 23. Qf3 $1 $16) 23... Qxg4 $11 24. Qxg4 Bxg4 25. axb5 axb5 26. Bd3 Bd7 27. Nf1 Ne7 28. Ne3 Rfb8 29. Nc2 Ra5 30. Ra3 Rba8 31. Rb3 Nc8 {The position is equal.} 32. f3 Kg7 33. g4 Na7 34. Kg3 Kg6 35. Rh1 {Weighted Error Value: White=0.18/Black=0.16} 1/2-1/2